El delito de fraude y sus modalidades

Bibliographic Details
Main Author: Garca̕ Cr̤doba, Ricardo Florentino
Format: eBook
Language:Spanish
Published: Ciudad de Mx̌ico: Ediciones Fiscales ISEF, 2018
Subjects:
Online Access:Acceso restringido

MARC

LEADER 00000nam a22000007a 4500
005 20181102204759.0
007 cr|||| ||||
008 181102s2018 mx |||||s|||| 00||0 spa d
020 |a 978-607-541-082-1 
035 |a 22170 
040 |a vLex 
090 |c 8268  |d 8268 
100 1 |a Garca̕ Cr̤doba, Ricardo Florentino 
245 1 2 |a El delito de fraude y sus modalidades  |h [Recurso electrn̤ico] /  |c Ricardo Florentino Garca̕ Cr̤doba 
256 |a Servicio en ln̕ea 
260 |a Ciudad de Mx̌ico:  |b Ediciones Fiscales ISEF,  |c 2018 
300 |a 1 recurso electrn̤ico 
500 |a Esta obra, EL DELITO DE FRAUDE Y SUS MODALIDADES facilita la identificacin̤ precisa de las maniobras fraudulentas de los estafadores para quedarse con el dinero ajeno, y cuya comprensin̤ representa una eficaz herramienta para combatirlas, prevenirlas y detectarlas oportunamente antes de que salgan a relucir los problemas financieros. 
506 1 |a Disponible solo en los productos indicados  |d vLex Global  |d vLex Global (Academic Edition, excluding Law Schools)  |d vLex Global (U.S. Academic Edition, Law Schools)  |d vLex Global (U.S. Academic Edition, excluding Law Schools)  |d vLex Global (Academic Edition, Law Schools) 
650 0 4 |a Derecho Penal  |z Mx̌ico 
650 0 4 |a Derecho Procesal  |z Mx̌ico 
650 0 4 |a Procedimiento Penal  |z Mx̌ico 
740 0 |a vLex Libros (Servicio en ln̕ea) 
856 4 0 |u http://vlex.com/source/delito-de-fraude-y-sus-modalidades-22170  |z Acceso restringido 
942 |c BOOK 
999 0 |a Criminal Law 
999 0 |a Procedural Law 
999 0 |a Criminal Procedure